000
00300nam a22001337a 4500
020
_a
978-81-265-1767-1
041
_a
ENG
100
_a
Budhi.M
245
_a
Soil Mechanics And Foundations
260
_a
Delhi
_b
Wiley India PVt.Ltd
_c
2008
300
_a
634
650
_a
SWCE
856
_u
SWCE ( 43 )
999
_c
1971
_d
1971